000 00416nam a22001697a 4500
005 20180317153023.0
008 160623b xxu||||| |||| 00| 0 eng d
020 _a978-81-7733-500-2
041 _aeng
082 _b9328
_a336.24
100 _aAhuja, Dr Girish and Gupta Dr. Ravi
_92542
245 _aIncome tax, Service Tax & Vat
260 _bBharat
300 _a804
650 _aManagement
_9241
942 _cBK
999 _c3661
_d3660